Представление документа в формате MARC21

ПолеНазваниеЗначение
  Тип записи a
  Библиографический уровень m
001 Контрольный номер RU/URAIT/587031
005 Дата корректировки 20260429163601.1
008 Кодируемые данные 260429s2026 RU y f j 000 0 rus u
020 Индекс ISBN __
a ISBN 978-5-534-09796-2
c Цена, тираж 1719.00
040 Источник каталогиз. __
a Служба первич. каталог. ИКО Юрайт
c Служба, преобразующая запись ИКО Юрайт
e Правила каталог. RCR
041 Код языка издания __
a Код языка текста rus
044 Код страны публикации __
a Код страны публикации RU
080 Индекс УДК __
a Индекс УДК 004.421(075.8)
084 Индекс другой классификации/Индекс ББК __
2 Источник индекса rubbk
a Индекс другой классификации/Индекс ББК 32.973я73
100 Автор __
a Автор Кудрина Е. В.
q Полное имя Кудрина Елена Вячеславовна
245 Заглавие __
a Заглавие Основы алгоритмизации и программирования на языке C#
b Продолж. заглавия учебник для вузов
c Ответственность Е. В. Кудрина, М. В. Огнева.
256 Характеристики компьютерного файла __
a Характеристики компьютерного файла Электрон. дан.
260 Выходные данные __
a Место издания Москва
b Издательство Юрайт
c Дата издания 2026
300 Физическое описание __
a Объем 322 с
440 Серия __
a Серия Высшее образование
500 Примечания __
a Примечание URL: https://urait.ru/bcode/587031 (дата обращения: 29.04.2026).
520 Аннотация __
a Аннотация Курс представляет собой учебно-методическую разработку, которая с одной стороны направлена на изложение основ программирования на языке С#, а с другой стороны — на формирование навыков применения базовых алгоритмов для решения практико-ориентированных задач. Простота изложения материала и большое количество разобранных примеров делают изучение языка С# доступным для широкого круга обучающихся.
538 Прим. о системных особенностях __
a Прим. о системных особенностях Режим доступа: Электронно-библиотечная система Юрайт, для авториз. пользователей
653 Ключевые слова __
a Ключевые слова Программирование
653 Ключевые слова __
a Ключевые слова Компьютерные и информационные науки
653 Ключевые слова __
a Ключевые слова Программирование
653 Ключевые слова __
a Ключевые слова Методы программирования
653 Ключевые слова __
a Ключевые слова Основы программирования
653 Ключевые слова __
a Ключевые слова Программирование для ЭВМ
653 Ключевые слова __
a Ключевые слова Введение в программирование
653 Ключевые слова __
a Ключевые слова Объектно-ориентированное программирование в C#
653 Ключевые слова __
a Ключевые слова Программирование на C#
653 Ключевые слова __
a Ключевые слова Программирование на C# и платформа .Net
653 Ключевые слова __
a Ключевые слова Разработка приложений Borland Delphi C#
653 Ключевые слова __
a Ключевые слова Разработка приложений Borland Delphi и C#
653 Ключевые слова __
a Ключевые слова Язык C# и технологии .NET
653 Ключевые слова __
a Ключевые слова Программирование: C#
653 Ключевые слова __
a Ключевые слова Основы алгоритмизации
653 Ключевые слова __
a Ключевые слова Программирование на ЭВМ
653 Ключевые слова __
a Ключевые слова Разработка приложений на C#
653 Ключевые слова __
a Ключевые слова Разработка приложений в языке C#
653 Ключевые слова __
a Ключевые слова Программирование в среде C#
653 Ключевые слова __
a Ключевые слова Математическое моделирование на языке C#
653 Ключевые слова __
a Ключевые слова Программирование на языке C#
653 Ключевые слова __
a Ключевые слова Прикладное программирование C#
653 Ключевые слова __
a Ключевые слова Проектирование и программирование на языке C#
653 Ключевые слова __
a Ключевые слова Современные компьютерные технологии. Программирование C#
653 Ключевые слова __
a Ключевые слова Углубленное программирование на C#
653 Ключевые слова __
a Ключевые слова Программирование АСУТП на C#
653 Ключевые слова __
a Ключевые слова Основы разработки приложений на JAVA и C#
653 Ключевые слова __
a Ключевые слова Язык программирования C#
653 Ключевые слова __
a Ключевые слова Объектно-ориентированное программирование на языке C#
653 Ключевые слова __
a Ключевые слова Программирование на языке C# в контексте Unity
653 Ключевые слова __
a Ключевые слова Технологии виртуальной и дополненной реальности (программирование на языке C# в контексте Unity)
653 Ключевые слова __
a Ключевые слова Программирование на С++, C#
653 Ключевые слова __
a Ключевые слова Введение в C#
653 Ключевые слова __
a Ключевые слова Профессиональная разработка программного обеспечения C#
653 Ключевые слова __
a Ключевые слова Языки семейства C (C++, C#)
700 Другие авторы __
a Другие авторы Огнева М. В.
q Полное имя Огнева Марина Валентиновна
856 Электронный адрес документа 40
n Местонахождение сервера Юрайт
g Электронная книга
q Тип электронного формата html
h Имя пользователя ЮРАЙТ
v Часы доступа к ресурсу 20271231
2 Способ доступа Показать документ
x Служебное примечание https://urait.ru/book/cover/0DF9C3C7-747A-4C1E-8823-9EBAC24DC030
u URL https://urait.ru/bcode/587031
856 Электронный адрес документа 48
q Тип электронного формата cover
u URL https://urait.ru/book/cover/0DF9C3C7-747A-4C1E-8823-9EBAC24DC030
911 __
u 0030=https://urait.ru/bcode/587031
911 __
u 073a=9785534097962
u 073d=1719.00
911 __
u 106a=s
911 __
u 900l=
952 Тип литературы __
i Дисциплина Программирование
952 Тип литературы __
i Дисциплина Методы программирования
952 Тип литературы __
i Дисциплина Основы программирования
952 Тип литературы __
i Дисциплина Программирование для ЭВМ
952 Тип литературы __
i Дисциплина Введение в программирование
952 Тип литературы __
i Дисциплина Объектно-ориентированное программирование в C#
952 Тип литературы __
i Дисциплина Программирование на C#
952 Тип литературы __
i Дисциплина Программирование на C# и платформа .Net
952 Тип литературы __
i Дисциплина Разработка приложений Borland Delphi C#
952 Тип литературы __
i Дисциплина Разработка приложений Borland Delphi и C#
952 Тип литературы __
i Дисциплина Язык C# и технологии .NET
952 Тип литературы __
i Дисциплина Программирование: C#
952 Тип литературы __
i Дисциплина Основы алгоритмизации
952 Тип литературы __
i Дисциплина Программирование на ЭВМ
952 Тип литературы __
i Дисциплина Разработка приложений на C#
952 Тип литературы __
i Дисциплина Разработка приложений в языке C#
952 Тип литературы __
i Дисциплина Программирование в среде C#
952 Тип литературы __
i Дисциплина Математическое моделирование на языке C#
952 Тип литературы __
i Дисциплина Программирование на языке C#
952 Тип литературы __
i Дисциплина Прикладное программирование C#
952 Тип литературы __
i Дисциплина Проектирование и программирование на языке C#
952 Тип литературы __
i Дисциплина Современные компьютерные технологии. Программирование C#
952 Тип литературы __
i Дисциплина Углубленное программирование на C#
952 Тип литературы __
i Дисциплина Программирование АСУТП на C#
952 Тип литературы __
i Дисциплина Основы разработки приложений на JAVA и C#
952 Тип литературы __
i Дисциплина Язык программирования C#
952 Тип литературы __
i Дисциплина Объектно-ориентированное программирование на языке C#
952 Тип литературы __
i Дисциплина Программирование на языке C# в контексте Unity
952 Тип литературы __
i Дисциплина Технологии виртуальной и дополненной реальности (программирование на языке C# в контексте Unity)
952 Тип литературы __
i Дисциплина Программирование на С++, C#
952 Тип литературы __
i Дисциплина Введение в C#
952 Тип литературы __
i Дисциплина Профессиональная разработка программного обеспечения C#
952 Тип литературы __
i Дисциплина Языки семейства C (C++, C#)